000 00663nam a22002297a 4500
003 OSt
005 20220107122722.0
008 130828b xxu||||| |||| 00| 0 eng d
020 _a9788131702291
040 _cIIITM-K
082 _a005.73C TEN/D
100 _aTenenbaum, Aaron M
_92280
245 _aData structures using C
_cby Aaron M Tenenbaum, Yedidayah Langsam, Moshe J Augenstein
260 _aNew Delhi,
_bPearson,
_c2011.
300 _a656p.
650 _aCOMPUTER SCIENCE
_92281
650 _aDATA STRUCTURES
_92282
650 _aC PROGRAMMING
_92283
700 _aLangsam, Yedidayah
_92284
700 _aAugestein, Moshe J
_92285
942 _2ddc
_cBK
999 _c3352
_d3352